| 000 | 00619nam a2200205Ia 4500 | ||
|---|---|---|---|
| 005 | 20230713092253.0 | ||
| 008 | 131103s9999 xx 000 0 und d | ||
| 040 | _aLoreto College | ||
| 041 | _aEnglish | ||
| 082 |
_a973 _bKEN |
||
| 100 | _aKennedy,John F. | ||
| 245 | 4 |
_aThe Burden and the Glory _cJohn F.Kennedy;edited by Allen Nevin's foreword by Lyndon B.Johnson |
|
| 260 |
_aNew York _bHarper & Row,Publishers _c1964 |
||
| 300 | _axvii,293 p. | ||
| 504 | _aIncludes bibliographical references and index | ||
| 650 | _aUnited States - History | ||
| 700 | _aNevins,Allan,ed. | ||
| 850 | _aLCLIB | ||
| 942 | _cBK | ||
| 999 |
_c7744 _d58223 |
||